[Event "Main Vogelsberg op 4th"]
[Site "Heusenstamm"]
[Date "2009.05.03"]
[Round "6"]
[White "Oez, Eda"]
[Black "Winand, Edgar"]
[Result "1/2-1/2"]
[WhiteElo "1526"]
[BlackElo "2055"]
[PlyCount "115"]
[EventDate "2009.04.30"]
[EventType "swiss"]
[EventRounds "7"]
[EventCountry "GER"]
[SourceTitle "CBM 130 Extra"]
[Source "ChessBase"]
[SourceDate "2009.07.02"]
[SourceVersion "2"]
[SourceVersionDate "2009.07.15"]
[SourceQuality "1"]

1. e4 d6 2. d4 g6 3. Nf3 Bg7 4. Be3 c5 5. Nc3 b6 6. Qd2 Nc6 7. 0-0-0 h6 8. Bc4 Na5 9. Bb5+ Bd7 10. Bxd7+ Qxd7 11. dxc5 Nc4 12. Qd3 Nxe3 13. Qxe3 bxc5 14. e5 Rb8 15. exd6 Qb7 16. b3 Qb4 17. Kb2 e6 18. Ne5 Qb6 19. Nxg6 fxg6 20. Qxe6+ Kf8 21. Qxg6 Qd8 22. Qf5+ Qf6 23. Qxc5 Qxc3+ 24. Qxc3 Bxc3+ 25. Kxc3 Nf6 26. Rd4 Rd8 27. Rhd1 Rh7 28. Kb2 Rhd7 29. c4 Rc8 30. b4 Kf7 31. c5 a5 32. a3 axb4 33. axb4 Rc6 34. Kb3 Rb7 35. f3 Nd7 36. Re1 Nxc5+ 37. Ka3 Ra7+ 38. Kb2 Na4+ 39. Kb1 Nc3+ 40. Kb2 Na4+ 41. Kb1 Nc3+ 42. Kb2 Ra2+ 43. Kb3 Ra3+ 44. Kxa3 Nb5+ 45. Kb2 Nxd4 46. Re4 Rxd6 47. Kc3 Ne6 48. b5 Ke7 49. f4 Kd7 50. f5 Nc7 51. Kc4 Rb6 52. Re5 Kd6 53. Rc5 Kd7 54. g4 Ne8 55. Kb4 Kd6 56. h4 Nc7 57. Kc4 Ne8 58. g5 1/2-1/2

[Event "Main Vogelsberg op 4th"]
[Site "Heusenstamm"]
[Date "2009.05.02"]
[Round "5"]
[White "Draxler, Gottfried"]
[Black "Oez, Eda"]
[Result "1-0"]
[WhiteElo "1829"]
[BlackElo "1526"]
[PlyCount "73"]
[EventDate "2009.04.30"]
[EventType "swiss"]
[EventRounds "7"]
[EventCountry "GER"]
[SourceTitle "CBM 130 Extra"]
[Source "ChessBase"]
[SourceDate "2009.07.02"]
[SourceVersion "2"]
[SourceVersionDate "2009.07.15"]
[SourceQuality "1"]

1. d4 d5 2. c4 Nf6 3. Nc3 e6 4. Bg5 c6 5. cxd5 exd5 6. Nf3 Be7 7. e3 0-0 8. Be2 Nbd7 9. 0-0 Re8 10. Qc2 Qc7 11. Rac1 Bd6 12. Nb5 Qb8 13. Nxd6 Qxd6 14. Bf4 Qe7 15. h3 Nf8 16. Bd3 N8d7 17. Rfe1 Ne4 18. Nh2 h6 19. f3 Nef6 20. Bg3 Nh5 21. Bf2 Nf8 22. e4 Be6 23. Qd2 Ng6 24. Be3 Qd7 25. e5 Ng3 26. Bf2 Nf5 27. g4 Nfh4 28. f4 Bxg4 29. hxg4 Qxg4+ 30. Nxg4 Nf3+ 31. Kh1 Nxd2 32. Be3 Nf3 33. Rf1 Nfh4 34. Nh2 Ne7 35. f5 g5 36. fxg6 fxg6 37. Ng4 1-0

[Event "GER-chT U20 Girls"]
[Site "Stuttgart"]
[Date "2007.12.27"]
[Round "2.2"]
[White "Oez, Eda"]
[Black "Riedel, Kristina"]
[Result "1/2-1/2"]
[WhiteElo "1510"]
[BlackElo "1617"]
[PlyCount "37"]
[EventDate "2007.12.27"]
[EventType "team-swiss"]
[EventRounds "7"]
[EventCountry "GER"]
[SourceTitle "EXT 2009"]
[Source "ChessBase"]
[SourceDate "2008.11.26"]
[SourceVersion "1"]
[SourceVersionDate "2008.11.26"]
[SourceQuality "1"]
[WhiteTeam "Rossdorf SC Ladja U20 Girls"]
[BlackTeam "Leipzig Gohlis U20 Girls"]
[WhiteTeamCountry "GER"]
[BlackTeamCountry "GER"]

1. e4 e5 2. Nf3 Nc6 3. Bb5 a6 4. Ba4 Bc5 5. d3 d6 6. h3 Bd7 7. c3 Nge7 8. 0-0 0-0 9. Nh2 f5 10. Bb3+ Kh8 11. Bg5 Qe8 12. Nd2 Qg6 13. Bxe7 Nxe7 14. Qe2 Bb6 15. Nhf3 fxe4 16. Qxe4 Qxe4 17. dxe4 h6 18. Rad1 Ng6 19. Nc4 1/2-1/2

[Event "GER-chT Lands U20"]
[Site "Verden an der Aller"]
[Date "2007.10.01"]
[Round "4.6"]
[White "Oez, Eda"]
[Black "Neumair, Jerome"]
[Result "1/2-1/2"]
[WhiteElo "1536"]
[BlackElo "1909"]
[PlyCount "80"]
[EventDate "2007.09.29"]
[EventType "team-swiss"]
[EventRounds "7"]
[EventCountry "GER"]
[SourceTitle "CBM 120 Extra"]
[Source "ChessBase"]
[SourceDate "2007.11.01"]
[SourceVersion "1"]
[SourceVersionDate "2007.11.01"]
[SourceQuality "1"]
[WhiteTeam "Hessen"]
[BlackTeam "Nordrhein Westfalen"]
[WhiteTeamCountry "GER"]
[BlackTeamCountry "GER"]

1. e4 e6 2. Nf3 d5 3. Nc3 Nf6 4. e5 Nfd7 5. d4 c5 6. dxc5 Nc6 7. Bf4 Bxc5 8. Bd3 Be7 9. Qe2 a6 10. 0-0 Nc5 11. Rfe1 Nxd3 12. Qxd3 b5 13. Ne2 0-0 14. Ned4 Nxd4 15. Nxd4 Bb7 16. Re3 Bg5 17. Rh3 h6 18. Qg3 Bxf4 19. Qxf4 Qe7 20. Rd1 Rfc8 21. Rdd3 Qb4 22. Qc1 Kf8 23. Rhf3 Ke7 24. Kf1 Rg8 25. Qf4 Kd7 26. Qxf7+ Qe7 27. Rc3 Rac8 28. Qxe7+ Kxe7 29. Ke2 Rc4 30. Rcd3 Rcc8 31. Rf4 Bc6 32. Ra3 Bd7 33. Rxa6 Rc4 34. Ra7 g5 35. b3 Rxc2+ 36. Nxc2 gxf4 37. Kf3 Rg5 38. Nd4 Kd8 39. Ra8+ Ke7 40. Ra7 Kd8 1/2-1/2

[Event "GER-ch U16 Girls"]
[Site "Willingen"]
[Date "2007.05.28"]
[Round "4"]
[White "Oez, Eda"]
[Black "Glatting, Lisa"]
[Result "1/2-1/2"]
[WhiteElo "1503"]
[BlackElo "1779"]
[PlyCount "51"]
[EventDate "2007.05.26"]
[EventType "swiss"]
[EventRounds "9"]
[EventCountry "GER"]
[SourceTitle "CBM 118 Extra"]
[Source "ChessBase"]
[SourceDate "2007.07.04"]
[SourceVersion "1"]
[SourceVersionDate "2007.07.04"]
[SourceQuality "1"]

1. e4 e5 2. Nf3 Nc6 3. Bb5 a6 4. Ba4 Nf6 5. d3 b5 6. Bb3 Be7 7. 0-0 d6 8. Re1 0-0 9. c3 h6 10. Nbd2 Re8 11. Nf1 Bf8 12. Ng3 g6 13. Be3 Qd7 14. Qd2 Kh7 15. h3 Qe7 16. Nh2 Be6 17. f4 Bg7 18. Rf1 Rf8 19. f5 Bxb3 20. axb3 Nb8 21. Rf3 Nbd7 22. Nh1 Ng8 23. g4 g5 24. Ng3 Ndf6 25. Rf2 d5 26. b4 1/2-1/2

[Event "GER-ch U16 Girls"]
[Site "Willingen"]
[Date "2007.05.26"]
[Round "1"]
[White "Billing, Tanja"]
[Black "Oez, Eda"]
[Result "1-0"]
[WhiteElo "1673"]
[BlackElo "1503"]
[PlyCount "79"]
[EventDate "2007.05.26"]
[EventType "swiss"]
[EventRounds "9"]
[EventCountry "GER"]
[SourceTitle "CBM 118 Extra"]
[Source "ChessBase"]
[SourceDate "2007.07.04"]
[SourceVersion "1"]
[SourceVersionDate "2007.07.04"]
[SourceQuality "1"]

1. c4 e6 2. d4 d5 3. Nc3 Nf6 4. Nf3 c6 5. e3 Nbd7 6. cxd5 exd5 7. Bd3 Bd6 8. 0-0 Nf8 9. h3 Ne6 10. Qc2 g6 11. Ne5 Ng7 12. f4 Bf5 13. Bxf5 Nxf5 14. g4 Ng7 15. Qg2 Nd7 16. e4 dxe4 17. Nxe4 Nf6 18. Ng5 0-0 19. Kh1 Nd5 20. Ne4 Bc7 21. f5 f6 22. Nd3 g5 23. h4 h6 24. Qh3 Kf7 25. Re1 Re8 26. Bd2 Bb6 27. Nec5 Bxc5 28. Nxc5 b6 29. Rxe8 Qxe8 30. Re1 Qd8 31. Ne6 Qg8 32. hxg5 hxg5 33. Bxg5 fxg5 34. Nxg5+ Kf8 35. Nh7+ Kf7 36. g5 Ne7 37. g6+ Nxg6 38. fxg6+ Kxg6 39. Rg1+ Kf7 40. Qd7# 1-0

[Event "GER-chT U14 Girls"]
[Site "Burg Stargard"]
[Date "2006.12.29"]
[Round "6.2"]
[White "Oez, Eda"]
[Black "Karches, Carolin"]
[Result "1-0"]
[WhiteElo "1412"]
[BlackElo "1202"]
[PlyCount "107"]
[EventDate "2006.12.27"]
[EventType "team-swiss"]
[EventRounds "7"]
[EventCountry "GER"]
[SourceTitle "EXT 2008"]
[Source "ChessBase"]
[SourceDate "2007.11.25"]
[SourceVersion "1"]
[SourceVersionDate "2007.11.25"]
[SourceQuality "1"]
[WhiteTeam "Rossdorf SC Ladja U14 Girls"]
[BlackTeam "Kahl am Main U14 Girls"]
[WhiteTeamCountry "GER"]
[BlackTeamCountry "GER"]

1. e4 e5 2. Nf3 Nc6 3. Bb5 Nf6 4. d3 a6 5. Ba4 Bc5 6. 0-0 0-0 7. Bxc6 dxc6 8. Nxe5 Qe7 9. Nf3 Bg4 10. Nc3 b5 11. Bg5 h6 12. Bh4 Qe6 13. Nb1 b4 14. Nbd2 Be7 15. c3 c5 16. Qc2 a5 17. Rfe1 Nh5 18. Bg3 Nxg3 19. fxg3 Rfe8 20. Qb3 Qxb3 21. Nxb3 a4 22. Nbd2 a3 23. Rab1 Rab8 24. cxb4 cxb4 25. bxa3 bxa3 26. d4 Bb4 27. Re2 Bxd2 28. Rxb8 Rxb8 29. Rxd2 Bxf3 30. gxf3 Rb2 31. Rf2 Kf8 32. Kf1 Ke7 33. Ke1 Kd6 34. Rd2 Kc6 35. Kd1 Rb1+ 36. Kc2 Rb5 37. h4 g5 38. hxg5 Rxg5 39. g4 Rb5 40. f4 Kd7 41. Kc3 Kd6 42. Rh2 Ke7 43. f5 Rb6 44. e5 f6 45. Re2 Kf7 46. Rh2 Kg7 47. e6 Rb8 48. d5 Re8 49. Kb3 Ra8 50. Rc2 Kf8 51. Rxc7 Ke8 52. Rh7 Ra5 53. d6 Re5 54. Rh8# 1-0

[Event "Karl Mala Memorial op 10th"]
[Site "Griesheim"]
[Date "2006.07.22"]
[Round "4"]
[White "Kartsev, Alexandr"]
[Black "Oez, Eda"]
[Result "1-0"]
[WhiteElo "1825"]
[BlackElo "1339"]
[PlyCount "35"]
[EventDate "2006.07.20"]
[EventType "swiss"]
[EventRounds "7"]
[EventCountry "GER"]
[SourceTitle "CBM 113 Extra"]
[Source "ChessBase"]
[SourceDate "2006.09.14"]
[SourceVersion "1"]
[SourceVersionDate "2006.09.14"]
[SourceQuality "1"]

1. d4 d5 2. Nf3 Nf6 3. Bg5 e6 4. e3 c5 5. c3 Nc6 6. Nbd2 Bd7 7. Bd3 c4 8. Bc2 Be7 9. 0-0 0-0 10. Re1 a6 11. e4 b5 12. e5 Ne8 13. Bxe7 Qxe7 14. a3 Qd8 15. Re3 Ne7 16. Bxh7+ Kxh7 17. Ng5+ Kg8 18. Qh5 1-0

[Event "GER-ch U16 Girls"]
[Site "Willingen"]
[Date "2006.06.04"]
[Round "2"]
[White "Jussupow, Ekaterina"]
[Black "Oez, Eda"]
[Result "1-0"]
[WhiteElo "2021"]
[BlackElo "1248"]
[PlyCount "45"]
[EventDate "2006.06.03"]
[EventType "swiss"]
[EventRounds "9"]
[EventCountry "GER"]
[SourceTitle "EXT 2007"]
[Source "ChessBase"]
[SourceDate "2006.11.23"]
[SourceVersion "1"]
[SourceVersionDate "2006.11.23"]
[SourceQuality "1"]

1. e4 e5 2. Nf3 Nc6 3. d4 exd4 4. c3 dxc3 5. Bc4 d6 6. Nxc3 Nf6 7. Ng5 Ne5 8. Qb3 Nxc4 9. Qxc4 Qe7 10. 0-0 h6 11. Nb5 hxg5 12. Nxc7+ Kd8 13. Nxa8 Be6 14. Qa4 Ng4 15. Qxa7 Bc8 16. Qb6+ Ke8 17. Be3 Qe5 18. Nc7+ Kd7 19. g3 Qxe4 20. Rae1 Qf3 21. Nb5 Rxh2 22. Qc7+ Ke6 23. Nd4+ 1-0

[Event "Gernsheim U20 op 3rd"]
[Site "Gernsheim"]
[Date "2005.05.??"]
[Round "2"]
[White "Diehl, Mirko"]
[Black "Oez, Eda"]
[Result "1/2-1/2"]
[WhiteElo "1303"]
[BlackElo "1039"]
[PlyCount "118"]
[EventDate "2005.05.??"]
[EventType "swiss"]
[EventRounds "7"]
[EventCountry "GER"]
[SourceTitle "EXT 2007"]
[Source "ChessBase"]
[SourceDate "2006.11.23"]
[SourceVersion "1"]
[SourceVersionDate "2006.11.23"]
[SourceQuality "1"]

1. c4 Nf6 2. Nc3 e5 3. g3 Bb4 4. e3 0-0 5. Nge2 c6 6. a3 Bxc3 7. bxc3 d5 8. c5 Nbd7 9. d4 Re8 10. Bg2 e4 11. 0-0 b6 12. cxb6 Nxb6 13. Rb1 Ba6 14. Re1 Nc4 15. Bf1 Qa5 16. Qb3 Qb5 17. Nf4 Qxb3 18. Rxb3 Rab8 19. Bxc4 Bxc4 20. Rb4 Rxb4 21. axb4 Ra8 22. Bb2 g5 23. Ng2 Nd7 24. Ra1 f5 25. h4 g4 26. h5 Kg7 27. Nf4 Kf6 28. Kg2 a6 29. h6 Re8 30. Nh5+ Kg6 31. Rh1 Nf6 32. Ng7 Re7 33. Ba3 Ra7 34. Ne6 Ng8 35. Nd8 Rc7 36. Ne6 Ra7 37. Ra1 Nf6 38. Nc5 Nd7 39. Na4 a5 40. bxa5 Rxa5 41. Bb4 Ra6 42. Ra3 Bb5 43. Nb2 Rxa3 44. Bxa3 Kxh6 45. Bd6 Kg6 46. Be7 h5 47. Kh2 Nf6 48. Kg2 Kf7 49. Bb4 Ke6 50. Kh2 Kd7 51. Kg2 Kc7 52. Kh2 Kb6 53. Be7 Nd7 54. Kg2 c5 55. Bd8+ Kc6 56. Be7 cxd4 57. exd4 Nb6 58. Nd1 Nc4 59. Ne3 Nxe3+ 1/2-1/2